Gender and green governance (Record no. 16262)
[ view plain ]
| 000 -LEADER | |
|---|---|
| fixed length control field | 00893nam a2200445 a 4500 |
| 000 - LEADER | |
| fixed length control field | BKB |
| 001 - CONTROL NUMBER | |
| control field | 153645 |
| 005 - DATE AND TIME OF LATEST TRANSACTION | |
| control field | 20200902161118.0 |
| 008 - FIXED-LENGTH DATA ELEMENTS--GENERAL INFORMATION | |
| fixed length control field | 161207 ### HIN |
| 010 ## - LIBRARY OF CONGRESS CONTROL NUMBER | |
| LC control number | |
| 020 ## - INTERNATIONAL STANDARD BOOK NUMBER | |
| International Standard Book Number | 9780199457077 |
| 082 ## - DEWEY DECIMAL CLASSIFICATION NUMBER | |
| Classification number | 333.75082 |
| Item number | A15G |
| 100 ## - MAIN ENTRY--PERSONAL NAME | |
| Personal name | Agarwal, Bina |
| 110 ## - MAIN ENTRY--CORPORATE NAME | |
| Corporate name or jurisdiction name as entry element | |
| 245 ## - TITLE STATEMENT | |
| Title | Gender and green governance |
| Statement of responsibility, etc | by Bina Agarwal |
| 250 ## - EDITION STATEMENT | |
| Edition statement | |
| 260 ## - PUBLICATION, DISTRIBUTION, ETC. (IMPRINT) | |
| Place of publication, distribution, etc | New Delhi |
| Name of publisher, distributor, etc | Oxford University Press |
| Date of publication, distribution, etc | 2015 |
| 300 ## - PHYSICAL DESCRIPTION | |
| Extent | 488p. |
| 490 ## - SERIES STATEMENT | |
| Series statement | |
| Volume number/sequential designation | |
| 500 ## - GENERAL NOTE | |
| General note | |
| 600 ## - SUBJECT ADDED ENTRY--PERSONAL NAME | |
| Personal name | |
| 610 ## - SUBJECT ADDED ENTRY--CORPORATE NAME | |
| Corporate name or jurisdiction name as entry element | |
| 611 ## - SUBJECT ADDED ENTRY--MEETING NAME | |
| Meeting name or jurisdiction name as entry element | |
| 630 ## - SUBJECT ADDED ENTRY--UNIFORM TITLE | |
| Uniform title | |
| 650 ## - SUBJECT ADDED ENTRY--TOPICAL TERM | |
| Topical term or geographic name as entry element | |
| 651 ## - SUBJECT ADDED ENTRY--GEOGRAPHIC NAME | |
| Geographic name | |
| 654 ## - SUBJECT ADDED ENTRY--FACETED TOPICAL TERM | |
| Focus term | |
| 690 ## - LOCAL SUBJECT ADDED ENTRY--TOPICAL TERM (OCLC, RLIN) | |
| Topical term or geographic name as entry element | Women in forestry; Community forestry |
| 700 ## - ADDED ENTRY--PERSONAL NAME | |
| Personal name | |
| Numeration | |
| Titles and other words associated with a name | |
| 710 ## - ADDED ENTRY--CORPORATE NAME | |
| Corporate name or jurisdiction name as entry element | |
| Subordinate unit | |
| Location of meeting | |
| 711 ## - ADDED ENTRY--MEETING NAME | |
| Meeting name or jurisdiction name as entry element | |
| 720 ## - ADDED ENTRY--UNCONTROLLED NAME | |
| Name | |
| 730 ## - ADDED ENTRY--UNIFORM TITLE | |
| Uniform title | |
| 740 ## - ADDED ENTRY--UNCONTROLLED RELATED/ANALYTICAL TITLE | |
| Uncontrolled related/analytical title | |
| 752 ## - ADDED ENTRY--HIERARCHICAL PLACE NAME | |
| Country or larger entity | |
| 856 ## - ELECTRONIC LOCATION AND ACCESS | |
| Path | |
| Electronic name | |
| 904 ## - LOCAL DATA ELEMENT D, LDD (RLIN) | |
| a | |
| 964 ## - | |
| -- | |
| -- | ENG |
| -- | |
| -- | |
| -- | |
| -- | |
| -- | |
| 965 ## - | |
| -- | |
| Withdrawn status | Lost status | Damaged status | Not for loan | Home library | Current library | Date acquired | Total Checkouts | Full call number | Barcode | Checked out | Date last seen | Price effective from | Koha item type |
|---|---|---|---|---|---|---|---|---|---|---|---|---|---|
| Central University Of Rajasthan | Central University Of Rajasthan | 24/11/2016 | 333.75082 A15G | 28043 | 01/01/2018 | 02/09/2020 | 02/09/2020 | Books |
